Advance Information HCMOS Single-Chip Microcontroller / (Record no. 189169)

000 -LEADER
fixed length control field 00925 a2200133 4500
003 - CONTROL NUMBER IDENTIFIER
control field Nust
005 - DATE AND TIME OF LATEST TRANSACTION
control field 20230317104129.0
040 ## - CATALOGING SOURCE
Transcribing agency Nust
082 ## - DEWEY DECIMAL CLASSIFICATION NUMBER
Classification number 621.3916,MOT
245 ## - TITLE STATEMENT
Title Advance Information HCMOS Single-Chip Microcontroller /
260 ## - PUBLICATION, DISTRIBUTION, ETC.
Name of publisher, distributor, etc. Motorola
Date of publication, distribution, etc. 1988
505 ## - FORMATTED CONTENTS NOTE
Formatted contents note Section.1 Introduction (Page-1), Section.2 Signal Description and Operating Modes (Page-2), Section.3 On-Chip Memories (Page-3), Section.4 Parallel I/O (Page-4), Section.5 Serial Communications Interface (Page-5), Section.6 Serial Peripheral Interface (Page 6), Section.7 Analog-to-Digital Converter (Page-7), Section.8 Programmable Timer, Real time Interrupt, and Pulse Accumulator (Page-8), Section.9 Resets, Interrupts, and Low Power Modes (Page-9), Section.10 CPU, Addressing Modes, and Instruction Set (Page-10), Section.11 Electrical Specifications (Page-11), Section.12 Mechanical Data and Ordering Information (Page-12).
942 ## - ADDED ENTRY ELEMENTS (KOHA)
Source of classification or shelving scheme
Koha item type Book
Holdings
Withdrawn status Lost status Source of classification or shelving scheme Damaged status Not for loan Permanent Location Current Location Shelving location Date acquired Full call number Barcode Date last seen Price effective from Koha item type Public note
          Military College of Signals (MCS) Military College of Signals (MCS) General Stacks 12/12/2016 621.3916,MOT MCS34962 12/08/2016 12/12/2016 Book Almirah No.74, Shelf No.5
© 2023 Central Library, National University of Sciences and Technology. All Rights Reserved.